Introduction to MATLAB, Global Edition/

The author’s clear, straightforward writing style and her thorough understanding of the learning process make this book a key resource for all accounting students. For first-year or introductory Engineering courses   Best-selling author Delores Etter provides an introduction to MATLAB. Using a consi...

Full description

Saved in:
Bibliographic Details
Main Author: Etter, Delores M (Author)
Format: Electronic Book
Published: Harlow : Pearson International Content, 2015.
Edition:Third edition
Subjects:
Online Access:https://resolver.vitalsource.com/9781292080123
Tags: Add Tag
No Tags, Be the first to tag this record!

MARC

LEADER 00000nam#a2200000 4500
001 9781292080123
003 VST
005 20260317120218.0
006 m o d
007 cr#un#---uucau
008 150304s2015 xxk o 00 0 eng d
020 |a  9781292080123   |q  (ebook)  
020 |z  9780133770162   |q  (ebook)  
020 |z  9780133770124   |q  (ebook)  
020 |z  9780133770018   |q  (hardcover)  
020 |z  9780133770148   |q  (ebook)  
020 |z  9781292019390   |q  (ebook)  
040 |a VST  |b eng  |c VST  |d VST 
072 |a MAT000000  |2 bisacsh 
072 |a TB  |2 bicssc 
072 |a TJ  |2 bicssc 
072 |a TBC  |2 bicssc 
100 1 |a Etter, Delores M  |e author 
245 1 0 |a Introduction to MATLAB, Global Edition/  |c  Delores M Etter. 
250 |a Third edition 
264 1 |a Harlow :  |b Pearson International Content,  |c 2015. 
300 |a 1 online resource 
336 |a text  |b txt  |2 rdacontent 
337 |a computer  |b c  |2 rdamedia 
338 |a online resource  |b cr  |2 rdacarrier 
520 |a The author’s clear, straightforward writing style and her thorough understanding of the learning process make this book a key resource for all accounting students. For first-year or introductory Engineering courses   Best-selling author Delores Etter provides an introduction to MATLAB. Using a consistent five-step problem-solving methodology, Etter describes the computational and visualisation capabilities of MATLAB and illustrates the problem solving process through a variety of engineering examples and applications. The full text downloaded to your computer With eBooks you can: search for key concepts, words and phrases make highlights and notes as you study share your notes with friends eBooks are downloaded to your computer and accessible either offline through the Bookshelf (available as a free download), available online and also via the iPad and Android apps. Upon purchase, you'll gain instant access to this eBook. Time limit The eBooks products do not have an expiry date. You will continue to access your digital ebook products whilst you have your Bookshelf installed. 
650 4 |a Mathematics/General 
776 0 8 |i Hardcover version:  |t Introduction to MATLAB, Global Edition  |z 9780133770018 
856 4 0 |u https://resolver.vitalsource.com/9781292080123 
999 |c 249596  |d 249595